[Event "2nd North Urals Cup"]
[Site "Krasnoturinsk RUS"]
[Date "2004.07.29"]
[Round "6"]
[White "Chiburdanidze,M"]
[Black "Kursova,M"]
[Result "1/2-1/2"]
[WhiteElo "2498"]
[BlackElo "2334"]

1.d4 Nf6 2.c4 e6 3.Nf3 b6 4.a3 Ba6 5.e3 d5 6.Nbd2 Be7 7.b3 O-O 8.Bb2 c5 9.Bd3 Bb7
10.O-O Nc6 11.Qe2 Qc7 12.Rac1 cxd4 13.cxd5 Nxd5 14.Nxd4 Qd7 15.Nxc6 Bxc6
16.Nf3 Bb7 17.Bb5 Qd6 18.e4 Nf4 19.Qe3 Ng6 20.Rfd1 Qb8 21.Rd7 Rd8 22.Rcd1 Rxd7
23.Rxd7 a6 24.Qxb6 Bxe4 25.Qd4 Bf6 26.Qxe4 Bxb2 27.Bc4 Nf8 28.Rb7 Qd8 29.h4 Qd1+
30.Kh2 Qd6+ 31.g3 Rd8 32.Ng5 Rd7 33.Qf3 Qe7 34.Rb8 Bxa3 35.Bxa6 h6 36.Ne4 Rd8
37.Rb7 Rd7  1/2-1/2

[Event "2nd North Urals Cup"]
[Site "Krasnoturinsk RUS"]
[Date "2004.07.31"]
[Round "8"]
[White "Stefanova,A"]
[Black "Chiburdanidze,M"]
[Result "1/2-1/2"]
[WhiteElo "2527"]
[BlackElo "2498"]

1.d4 d5 2.c4 e6 3.Nf3 Nf6 4.g3 Bb4+ 5.Bd2 Be7 6.Bg2 O-O 7.O-O c6 8.Qb3 b6
9.Bf4 Ba6 10.Nbd2 Nbd7 11.Rac1 Nh5 12.Be3 Nhf6 13.Rfe1 Rc8 14.cxd5 Nxd5 15.Bf4 c5
16.Qa4 Bb7 17.Ne5 Nxe5 18.Bxe5 Bc6 19.Qb3 Nb4 20.dxc5 Bxg2 21.Kxg2 Qxd2 22.Rcd1 Qg5
23.f4 Qg6 24.Qxb4 Bxc5 25.Qb3 Qe4+  1/2-1/2

[Event "2nd North Urals Cup"]
[Site "Krasnoturinsk RUS"]
[Date "2004.08.01"]
[Round "9"]
[White "Chiburdanidze,M"]
[Black "Galliamova,A"]
[Result "1-0"]
[WhiteElo "2498"]
[BlackElo "2490"]

1.d4 d5 2.c4 dxc4 3.Nf3 e6 4.e3 c5 5.Bxc4 a6 6.O-O Nf6 7.dxc5 Qc7 8.b4 b6
9.Bb2 bxc5 10.Nbd2 Nbd7 11.Rc1 Qb8 12.Bxf6 gxf6 13.Ne4 Qxb4 14.Nh4 Be7 15.Qg4 Qb6
16.Qg7 Rf8 17.Be2 Bb7 18.Bf3 Bd5 19.Ng3 Bxf3 20.Nxf3 f5 21.Qxh7 Nf6 22.Qh6 Qb2
23.Qf4 Rh8 24.Qc7 Kf8 25.Ne5 Re8 26.Rxc5 Qxa2 27.Ra5 Qb2 28.Rxa6 Kg7 29.Nf3 Nd5
30.Qe5+ Qxe5 31.Nxe5 f4 32.exf4 Nxf4 33.Ra4 Bg5 34.Rd1 Rd8 35.Rxd8 Rxd8 36.h4 Bh6
37.Ra7 Rf8 38.Ng4 Nd5 39.Ne4 Bc1 40.g3 Bb2 41.Kg2 Nf6 42.Ngxf6 Bxf6 43.f4 Bb2
44.Rb7 Ba1 45.Kf3 Kg6 46.g4 Bd4 47.h5+ Kg7 48.g5 Kg8 49.Rd7 Ba1 50.Nd6 Bb2
51.Kg4 Bc3 52.h6 Bb2 53.Kh5 Bc3 54.Ne4 Bb2 55.Rb7 Bd4 56.Rd7 Bb2 57.Nd6 Bc3
58.h7+ Kxh7 59.Nxf7 Kg8 60.Nh6+ Kh8 61.Kg6  1-0

[Event "36th Olympiad w"]
[Site "Calvia ESP"]
[Date "2004.10.16"]
[Round "1"]
[White "Chiburdanidze,M"]
[Black "Titova Boric,E"]
[Result "1/2-1/2"]
[WhiteElo "2503"]
[BlackElo "2252"]

1.d4 f5 2.Nc3 Nf6 3.Bg5 d5 4.f3 Nc6 5.Qd2 e6 6.O-O-O Bb4 7.e3 O-O 8.Bxf6 Qxf6
9.f4 a6 10.Nf3 b5 11.Qd3 Na5 12.g4 Nc4 13.gxf5 Qxf5 14.Qxf5 Rxf5 15.Bxc4 dxc4
16.Rhg1 Bb7 17.Rg3 Re8 18.Ne2 Rh5 19.h3 Bd6 20.Rdg1 Re7 21.Ng5 h6 22.Nxe6 Rxe6
23.Rxg7+ Kf8 24.Rg8+ Kf7 25.R1g7+ Kf6 26.Rg6+ Kf7 27.R8g7+ Kf8 28.Rg8+ Kf7  1/2-1/2

[Event "36th Olympiad w"]
[Site "Calvia ESP"]
[Date "2004.10.17"]
[Round "2"]
[White "Jackova,J"]
[Black "Chiburdanidze,M"]
[Result "1/2-1/2"]
[WhiteElo "2408"]
[BlackElo "2503"]

1.e4 c6 2.d4 d5 3.Nd2 dxe4 4.Nxe4 Bf5 5.Ng3 Bg6 6.h4 h6 7.Nf3 Nd7 8.h5 Bh7
9.Bd3 Bxd3 10.Qxd3 e6 11.Bd2 Ngf6 12.O-O-O Be7 13.Kb1 O-O 14.Ne4 c5 15.Rdg1 cxd4
16.Qxd4 Ng4 17.Bc3 e5 18.Qa4 Nb6 19.Qb3 Qc7 20.Nh4 Rfd8 21.Nf5 Nd5 22.f3 Ngf6
23.Nxe7+ Qxe7 24.Nxf6+ Qxf6 25.Ba5 b6 26.Be1 Qe6 27.Bh4 f6 28.Rd1 Nf4 29.Qxe6+ Nxe6
30.c3 Nf4 31.g4 Kf7 32.Kc2 Ke6 33.Bf2 Rac8 34.a4 Rxd1 35.Rxd1 Nh3 36.Be3 Ng5
37.Bxg5 fxg5  1/2-1/2

[Event "36th Olympiad w"]
[Site "Calvia ESP"]
[Date "2004.10.19"]
[Round "5"]
[White "Reizniece,D"]
[Black "Chiburdanidze,M"]
[Result "0-1"]
[WhiteElo "2278"]
[BlackElo "2503"]

1.c4 e5 2.Nc3 Bb4 3.Nd5 Be7 4.d4 d6 5.b3 Nf6 6.Bb2 O-O 7.e3 Nxd5 8.cxd5 e4
9.Qc2 Bf5 10.Rc1 c6 11.Ne2 cxd5 12.Qc7 Qxc7 13.Rxc7 Bd8 14.Rc1 Nc6 15.Nf4 Ne7
16.h4 Ba5+ 17.Kd1 Be6 18.Bc3 Bxc3 19.Rxc3 Rac8 20.Rxc8 Rxc8 21.Kd2 Bg4 22.Be2 Bxe2
23.Nxe2 f5 24.Rc1 Rxc1 25.Kxc1 Kf7 26.Kd2 g6 27.Nc3 Ke6 28.Ne2 h6 29.Nc3 g5
30.hxg5 hxg5 31.g3 a6 32.b4 f4 33.gxf4 gxf4 34.Ne2 f3 35.Nf4+ Kd7 36.a4 Kc6
37.Kc3 Ng8 38.Kd2 Nf6 39.Ng6 Kd7 40.Nf4 Kc7 41.Ke1 Kc6 42.Kd2 Nd7 43.Kc3 Nb6
44.Kb3 Nc4 45.Nh5 Kc7 46.Ng3 b5 47.axb5 axb5 48.Nh5 Kd7 49.Kc2 Kd8 50.Ng3 Ke7
51.Nh5 Kf7 52.Kc3 Kf8 53.Kc2 Ke7 54.Kc1 Kf7 55.Kc2 Ke7 56.Kc1 Kf8 57.Kc2 Kf7
58.Kc3 Kg6 59.Nf4+ Kg5 60.Nxd5 Kh4 61.Nf6 Nxe3 62.Nxe4 Nd5+ 63.Kd2 Kh3 64.Nxd6 Kg2
65.Nxb5 Kxf2 66.Nd6 Nxb4 67.Nf5 Kg1 68.Ng3 f2 69.Ke2 Nc2 70.d5 Kh2 71.d6 Kxg3  0-1

[Event "36th Olympiad w"]
[Site "Calvia ESP"]
[Date "2004.10.22"]
[Round "7"]
[White "Chiburdanidze,M"]
[Black "Foisor,C"]
[Result "1/2-1/2"]
[WhiteElo "2503"]
[BlackElo "2436"]

1.d4 d5 2.c4 c6 3.Nf3 Nf6 4.e3 e6 5.Bd3 Nbd7 6.Nbd2 b6 7.O-O Bb7 8.e4 dxe4
9.Nxe4 Be7 10.Nc3 c5 11.Bf4 cxd4 12.Nb5 O-O 13.Nbxd4 Rc8 14.h3 Nc5 15.Bc2 Be4
16.b4 Bxf3 17.Nxf3 Qxd1 18.Rfxd1 Ncd7 19.Ba4 Rxc4 20.Bg3 Nb8 21.a3 a6 22.Bxb8 Rxb8
23.Ne5 Rc7 24.Nc6 Ra8 25.Nxe7+ Rxe7 26.Rd6 b5 27.Bd1 Rd7 28.Rc6 Kf8 29.Bf3 Raa7
30.a4 Nd5 31.axb5 axb5 32.Rxa7 Rxa7 33.Bxd5 exd5 34.Rc5 Ra1+  1/2-1/2

[Event "36th Olympiad w"]
[Site "Calvia ESP"]
[Date "2004.10.24"]
[Round "9"]
[White "Borsuk,A"]
[Black "Chiburdanidze,M"]
[Result "1/2-1/2"]
[WhiteElo "2306"]
[BlackElo "2503"]

1.d4 Nf6 2.Nf3 e6 3.g3 b5 4.Bg2 Bb7 5.O-O Be7 6.Nbd2 O-O 7.c3 c5 8.dxc5 Bxc5
9.Nb3 Be7 10.a4 b4 11.cxb4 Bxb4 12.Bd2 Na6 13.Rc1 Bd5 14.Nbd4 Bxd2 15.Nxd2 Bxg2
16.Kxg2 Qb6 17.Nb5 d5 18.Nf3 Rfc8 19.e3 Rxc1 20.Qxc1 Nc5 21.Qc2 a6 22.Nbd4 Nfd7
23.Rc1 g6 24.h4 h5 25.a5 Qxa5 26.Nc6 Qa4 27.Qxa4 Nxa4 28.b3 Nab6 29.Ra1 Kf8
30.Nb4 Nc5 31.Nd4 a5 32.Nbc6 a4 33.bxa4 Rxa4 34.Rb1 Ncd7 35.Rb2 Ra1 36.Nf3 Nc4
37.Rc2 Ra6 38.Ncd4 Ke7 39.Ng5 e5 40.Ne2 f6 41.Nh3 Ndb6 42.Nhg1 Ke6 43.Nf3 Ra5  1/2-1/2

[Event "36th Olympiad w"]
[Site "Calvia ESP"]
[Date "2004.10.27"]
[Round "12"]
[White "Chiburdanidze,M"]
[Black "Xie Jun"]
[Result "1/2-1/2"]
[WhiteElo "2503"]
[BlackElo "2569"]

1.d4 Nf6 2.c4 g6 3.g3 Bg7 4.Bg2 d5 5.cxd5 Nxd5 6.Nf3 O-O 7.O-O Nb6 8.Nc3 Nc6
9.e3 Re8 10.d5 Na5 11.Nd4  1/2-1/2

[Event "36th Olympiad w"]
[Site "Calvia ESP"]
[Date "2004.10.28"]
[Round "13"]
[White "Kosteniuk,A"]
[Black "Chiburdanidze,M"]
[Result "1/2-1/2"]
[WhiteElo "2508"]
[BlackElo "2503"]

1.e4 c6 2.d4 d5 3.Nd2 dxe4 4.Nxe4 Bf5 5.Ng3 Bg6 6.h4 h6 7.Nf3 Nd7 8.h5 Bh7
9.Bd3 Bxd3 10.Qxd3 e6 11.Bf4 Ngf6 12.O-O-O Qa5 13.Kb1 Be7 14.Ne5 O-O 15.Ne4 Rad8
16.Nxf6+ Nxf6 17.Qg3 Ne4 18.Qe3 Nd6 19.g4 Qd5 20.Rhg1 b5 21.g5 hxg5 22.Bxg5 Nf5
23.Qf4 Bxg5 24.Qxg5 f6 25.Qg6 fxe5 26.h6 Rd7 27.Rd3 exd4 28.Rh3 Qe5 29.Qh7+ Kf7
30.hxg7 Nxg7 31.Rh5 Qxh5 32.Rxg7+ Kf6 33.Qxh5 Kxg7 34.Qg4+ Kf7 35.Qh5+ Kf6
36.b4 Rd5 37.Qh4+ Kg6 38.Qg3+ Kf6 39.Qh4+  1/2-1/2

[Event "36th Olympiad w"]
[Site "Calvia ESP"]
[Date "2004.10.29"]
[Round "14"]
[White "Chiburdanidze,M"]
[Black "Zhukova,N"]
[Result "1/2-1/2"]
[WhiteElo "2503"]
[BlackElo "2481"]

1.d4 d5 2.c4 e6 3.Nf3 Nf6 4.e3 Nbd7 5.Bd3 dxc4 6.Bxc4 c5 7.O-O a6 8.a4 b6
9.Nc3 Bb7 10.d5 exd5 11.Nxd5 Bd6 12.e4 O-O 13.Nxf6+ Qxf6 14.Bg5 Qg6 15.Bd5 Bxd5
16.Qxd5 Rae8 17.Nh4 Qh5 18.Qxd6 Qxg5 19.Nf3 Qe7 20.Rfd1 Ne5 21.Nxe5 Qxe5
22.Qxb6 Re6 23.Qa5 Qxb2 24.Qxc5  1/2-1/2

[Event "North Urals Cup"]
[Site "Krasnoturinsk RUS"]
[Date "2005.07.04"]
[Round "1"]
[White "Galliamova,A"]
[Black "Chiburdanidze,M"]
[Result "1-0"]
[WhiteElo "2453"]
[BlackElo "2509"]

1.e4 c6 2.d4 d5 3.Nd2 dxe4 4.Nxe4 Bf5 5.Ng3 Bg6 6.h4 h6 7.Nf3 Nd7 8.h5 Bh7
9.Bd3 Bxd3 10.Qxd3 e6 11.Bf4 Bb4+ 12.c3 Be7 13.O-O-O Ngf6 14.Kb1 O-O 15.Ne5 Nxe5
16.Bxe5 Ng4 17.Qe2 Nxe5 18.dxe5 Qc7 19.f4 Rad8 20.Ne4 Rxd1+ 21.Rxd1 Rd8 22.g4 Rxd1+
23.Qxd1 f6 24.Nd6 fxe5 25.fxe5 Qb6 26.Qf1 Kh8 27.Qe2 Bg5 28.a3 Qg1+ 29.Ka2 b5
30.c4 a6 31.Qe4 Bc1 32.cxb5 Qf2 33.Qb1 Qc5 34.bxa6 Qd5+ 35.Ka1 Be3 36.Qe4 Qc5
37.Qc4  1-0

[Event "North Urals Cup"]
[Site "Krasnoturinsk RUS"]
[Date "2005.07.05"]
[Round "2"]
[White "Chiburdanidze,M"]
[Black "Kosteniuk,A"]
[Result "1/2-1/2"]
[WhiteElo "2509"]
[BlackElo "2516"]

1.d4 Nf6 2.c4 e6 3.Nf3 d5 4.Nc3 dxc4 5.e4 Bb4 6.Bg5 c5 7.e5 cxd4 8.Qa4+ Nc6
9.O-O-O Bd7 10.Ne4 Be7 11.exf6 gxf6 12.Bh4 Rc8 13.Kb1 a6 14.Qxc4 e5 15.Nxe5 Nxe5
16.Qxd4 O-O 17.Bd3 Rc6 18.f3 Qa5 19.Be1 Qc7 20.Bc3 Rd8 21.Bc2 Nc4 22.Qf2 f5
23.Qg3+ Qxg3 24.Nxg3 Ne3 25.Rd3 Nxc2 26.Kxc2 Rg6 27.Rhd1 Ba4+ 28.b3 Rxd3
29.Rxd3 Bb5 30.Rd2 f4 31.Nh5 Rh6 32.Nxf4 Rxh2 33.Nd5 Kf8 34.Nxe7  1/2-1/2

[Event "North Urals Cup"]
[Site "Krasnoturinsk RUS"]
[Date "2005.07.08"]
[Round "5"]
[White "Chiburdanidze,M"]
[Black "Koneru,H"]
[Result "1/2-1/2"]
[WhiteElo "2509"]
[BlackElo "2531"]

1.d4 Nf6 2.c4 c5 3.d5 e5 4.Nc3 d6 5.e4 g6 6.Be2 Bg7 7.Be3 a6 8.Rb1 Nbd7 9.h4 h5
10.Nh3 Nf8  1/2-1/2

[Event "North Urals Cup"]
[Site "Krasnoturinsk RUS"]
[Date "2005.07.12"]
[Round "8"]
[White "Zhukova,N"]
[Black "Chiburdanidze,M"]
[Result "1/2-1/2"]
[WhiteElo "2478"]
[BlackElo "2509"]

1.e4 c6 2.c4 d5 3.exd5 cxd5 4.cxd5 Nf6 5.Qa4+ Nbd7 6.Nc3 g6 7.Nf3 Bg7 8.Bc4 O-O
9.d3 a6 10.Qa3 Ng4 11.Bg5 b5 12.Bxb5 Qb6 13.d4 axb5 14.Qxa8 Bxd4 15.Nxd4 Bb7
16.Qa3 Qxd4 17.O-O Qe5 18.f4 Qd4+ 19.Kh1 b4 20.Ne2 Nf2+ 21.Kg1 Nh3+ 22.Kh1 Nf2+
23.Kg1  1/2-1/2

[Event "North Urals Cup"]
[Site "Krasnoturinsk RUS"]
[Date "2005.07.13"]
[Round "9"]
[White "Chiburdanidze,M"]
[Black "Xu Yuhua"]
[Result "1/2-1/2"]
[WhiteElo "2509"]
[BlackElo "2480"]

1.d4 Nf6 2.c4 e6 3.Nf3 Bb4+ 4.Bd2 c5 5.Bxb4 cxb4 6.Qd3 d6 7.Nbd2 a5 8.e4 O-O
9.e5 dxe5 10.Nxe5 b6 11.Be2 Bb7 12.Bf3 Qc7 13.Bxb7 Qxb7 14.Qf3 Qxf3 15.Ndxf3 Rc8
16.O-O Nc6 17.Rfc1 Nxe5 18.Nxe5 Rc7 19.a3 bxa3 20.bxa3 Rac8 21.Rab1 Nd7 22.Nxd7 Rxd7
23.Rxb6  1/2-1/2

[Event "15th ETC Women"]
[Site "Gothenburg SWE"]
[Date "2005.07.31"]
[Round "2"]
[White "Chiburdanidze,M"]
[Black "Radziewicz,I"]
[Result "1/2-1/2"]
[WhiteElo "2509"]
[BlackElo "2447"]

1.d4 Nf6 2.c4 c5 3.d5 e6 4.Nc3 exd5 5.cxd5 d6 6.g3 g6 7.Bg2 Bg7 8.Nf3 O-O
9.O-O a6 10.a4 Re8 11.h3 Nbd7 12.Bf4 Qc7 13.Rc1 Nh5 14.Bg5 h6 15.Bd2 Rb8
16.b4 Qb6 17.bxc5 Nxc5 18.Rb1 Qa7 19.Kh2 Bd7 20.Rb4 b5 21.axb5 axb5 22.Ne1 Qc7
23.Qc1 Na6 24.Rb1 Nf6 25.Nd3 b4 26.Na2 Rxe2 27.Qd1 Ree8 28.Naxb4 Nxb4 29.Nxb4 Bb5
30.Re1 Rxe1 31.Bxe1  1/2-1/2

[Event "15th ETC Women"]
[Site "Gothenburg SWE"]
[Date "2005.08.01"]
[Round "3"]
[White "Chiburdanidze,M"]
[Black "Zhukova,N"]
[Result "1-0"]
[WhiteElo "2509"]
[BlackElo "2478"]

1.d4 d5 2.c4 e6 3.Nf3 Nf6 4.Nc3 c6 5.e3 Nbd7 6.Bd3 a6 7.cxd5 exd5 8.O-O Bd6
9.e4 dxe4 10.Nxe4 Nxe4 11.Bxe4 O-O 12.Bc2 Nf6 13.Qd3 h6 14.Re1 Qa5 15.a4 Bg4
16.Bd2 Qh5 17.Ne5 Be6 18.h3 Rfe8 19.Re3 Rad8 20.Ba5 Rc8 21.Bc3 Kf8 22.Rae1 b5
23.Rf3 b4 24.Bd2 c5 25.Qxa6 Bc7 26.Ng6+ Kg8 27.Rxe6 fxg6 28.Rxe8+ Rxe8 29.Qc6 Re2
30.Qxc7 Rxd2 31.Bb3+ Kh7 32.Rxf6 Rxb2 33.Rf7  1-0

[Event "15th ETC Women"]
[Site "Gothenburg SWE"]
[Date "2005.08.05"]
[Round "7"]
[White "Chiburdanidze,M"]
[Black "Foisor,C"]
[Result "1-0"]
[WhiteElo "2509"]
[BlackElo "2402"]

1.d4 g6 2.c4 Bg7 3.Nf3 d6 4.g3 Nf6 5.Bg2 O-O 6.O-O c6 7.Nc3 Bf5 8.Ne1 Qd7
9.e4 Bh3 10.Bxh3 Qxh3 11.f3 Qd7 12.Be3 Na6 13.Nd3 Ne8 14.a4 Nec7 15.Ra3 Ne6
16.d5 cxd5 17.exd5 Nec5 18.Nxc5 dxc5 19.Qd2 b6 20.a5 Nb4 21.Na4 Rab8 22.Bf4 Rb7
23.Nc3 e5 24.Be3 f5 25.axb6 axb6 26.Rfa1 f4 27.Bf2 Qh3 28.Ne4 fxg3 29.Bxg3 Qh5
30.Qg5 Nc2 31.Qxh5 gxh5 32.Ra7 Rxa7 33.Rxa7 Nd4 34.Kg2 Nxf3 35.h4 Nd4 36.Rb7 Nf5
37.b3 Bf6 38.Rxb6 Bxh4 39.Bxh4 Nxh4+ 40.Kh3 Rf3+ 41.Kxh4 Rf4+ 42.Kg5 Rxe4
43.Kf6 Rf4+ 44.Kxe5 Rd4 45.Kd6 h4 46.Kxc5 Rd3 47.Rh6 h3 48.d6 Kg7 49.Rh4 Kg6
50.Kc6 h5 51.d7 Kg5 52.Rxh3 Rxh3 53.d8=Q+ Kg4 54.Qd7+ Kg3 55.b4 h4 56.b5  1-0

[Event "15th ETC Women"]
[Site "Gothenburg SWE"]
[Date "2005.08.06"]
[Round "8"]
[White "Kosteniuk,A"]
[Black "Chiburdanidze,M"]
[Result "0-1"]
[WhiteElo "2516"]
[BlackElo "2509"]

1.e4 c6 2.d4 d5 3.Nd2 dxe4 4.Nxe4 Bf5 5.Ng3 Bg6 6.h4 h6 7.Nf3 Nd7 8.h5 Bh7
9.Bd3 Bxd3 10.Qxd3 e6 11.Bf4 Bb4+ 12.c3 Be7 13.O-O-O Ngf6 14.Kb1 Qa5 15.Ne5 Nxe5
16.dxe5 Rd8 17.Qe2 Nd5 18.Bc1 Qb5 19.Qc2 Nb6 20.f4 O-O 21.b3 a5 22.c4 Qa6
23.f5 a4 24.f6 axb3 25.axb3 Ra8 26.Qb2 Ba3 27.Qa2 Bxc1 28.Qxa6 Rxa6 29.Kxc1 gxf6
30.exf6 Ra3 31.Rh4 Rxb3 32.Rg4+ Kh8 33.Kc2 Rb4 34.Kc3 c5 35.Rd3 Nd5+ 36.Kd2 Nxf6
37.Rf4 Nd5 38.Rg4 b5 39.Rf3 bxc4 40.Rg6 c3+ 41.Kc1 Ra8  0-1

[Event "FIDE WCh Women KO"]
[Site "Ekaterinburg RUS"]
[Date "2006.03.12"]
[Round "1.2"]
[White "Chiburdanidze,M"]
[Black "Rivera,I"]
[Result "1/2-1/2"]
[WhiteElo "2511"]
[BlackElo "2128"]

1.d4 Nf6 2.c4 g6 3.Nc3 Bg7 4.e4 d6 5.Nf3 O-O 6.Be2 Nbd7 7.O-O e5 8.Re1 h6
9.d5 Nc5 10.Qc2 a5 11.Be3 b6 12.Nd2 Ne8 13.a3 f5 14.b4 Nxe4 15.Ndxe4 fxe4
16.Nxe4 Bf5 17.Bd3 Nf6 18.Nxf6+ Qxf6 19.Be4 h5 20.c5 axb4 21.axb4 bxc5 22.bxc5 Kh7
23.f3 Bh6 24.Bxh6 Kxh6 25.Reb1 Qg5 26.Qc1 Rxa1 27.Rxa1 Qxc1+ 28.Rxc1 Kg5
29.Bxf5 Kxf5 30.cxd6 cxd6 31.Rc6 Rd8 32.Rc7 Rf8 33.Re7 g5 34.Re6 Rf6 35.g4+ hxg4
36.fxg4+ Kg6 37.Re7 Rf7 38.Re6+ Rf6 39.Re7 Rf7 40.Re6+ Rf6  1/2-1/2

[Event "FIDE WCh Women KO"]
[Site "Ekaterinburg RUS"]
[Date "2006.03.16"]
[Round "3.3"]
[White "Chiburdanidze,M"]
[Black "Ju Wenjun"]
[Result "1/2-1/2"]
[WhiteElo "2511"]
[BlackElo "2290"]

1.d4 Nf6 2.Nf3 g6 3.Bg5 Bg7 4.Nbd2 d5 5.e3 O-O 6.Bd3 Nbd7 7.O-O c6 8.c3 Re8
9.e4 dxe4 10.Nxe4 Nxe4 11.Bxe4 Qc7 12.Re1 Nf6 13.Bc2 Be6 14.Rxe6 fxe6 15.Qe2 Qd6
16.Bh4 Nh5 17.Bb3 Kh8 18.Ng5 Rf8 19.Bg3 Nxg3 20.hxg3 e5 21.dxe5 Qxe5 22.Qxe5 Bxe5
23.Nf7+ Rxf7 24.Bxf7 Rd8 25.Re1 Bf6 26.Re2 Rd1+ 27.Kh2 Kg7 28.Bb3 Rd6 29.f4 Rd3
30.g4 h6 31.g3 g5 32.Bc2 Rd5 33.Kg2 Kf8 34.Kf3 Kg7  1/2-1/2

[Event "11th ECU Club Cup w"]
[Site "Feugen AUT"]
[Date "2006.10.11"]
[Round "4"]
[White "Chiburdanidze,M"]
[Black "Dzagnidze,N"]
[Result "1-0"]
[WhiteElo "2504"]
[BlackElo "2432"]

1.d4 Nf6 2.c4 e6 3.Nf3 b6 4.e3 Bb7 5.Bd3 d5 6.O-O dxc4 7.Bxc4 a6 8.Qe2 b5
9.Bd3 Nbd7 10.a4 b4 11.e4 Be7 12.Nbd2 c5 13.e5 Nd5 14.Nc4 h6 15.Rd1 Rc8 16.a5 g5
17.h3 Rg8 18.Nh2 cxd4 19.Ng4 h5 20.Nh6 Rg7 21.Qxh5 Rxc4 22.Bxc4 Nxe5 23.Bf1 Ng6
24.Rxd4 Bf6 25.Rxd5 Qxd5 26.Ng4 Bd4 27.Qxg5 Qxg5 28.Bxg5 f5 29.Bf6 fxg4 30.Bxd4 e5
31.Re1 gxh3 32.g4 Re7 33.Bc5 Nh4 34.Re3 Nf3+ 35.Rxf3 Bxf3 36.Bxe7 Kxe7 37.g5 Kd6
38.g6 Kc5 39.Bxa6 Bd5 40.Kh2 b3 41.g7 Be6 42.Bc8  1-0

[Event "11th ECU Club Cup w"]
[Site "Feugen AUT"]
[Date "2006.10.12"]
[Round "5"]
[White "Chiburdanidze,M"]
[Black "Pogonina,N"]
[Result "1-0"]
[WhiteElo "2504"]
[BlackElo "2421"]

1.d4 Nf6 2.Nf3 c5 3.d5 b5 4.Bg5 d6 5.e4 Nxe4 6.Bxb5+ Bd7 7.Bd3 Nxg5 8.Nxg5 Qb6
9.O-O Qxb2 10.Nd2 g6 11.Nc4 Qf6 12.Ne4 Qf4 13.g3 Qh6 14.Qb1 Bc8 15.Qb5+ Nd7
16.Rae1 e5 17.Qc6 Rb8 18.Nexd6+ Bxd6 19.Nxd6+  1-0

[Event "Match"]
[Site "Astana KAZ"]
[Date "2006.12.19"]
[Round "2"]
[White "Chiburdanidze,M"]
[Black "Aketaeva,D"]
[Result "1-0"]
[WhiteElo "2504"]
[BlackElo "2312"]

1.d4 d5 2.Nf3 Nf6 3.e3 Bg4 4.c4 dxc4 5.Bxc4 e6 6.h3 Bh5 7.Qb3 Bxf3 8.gxf3 Nbd7
9.Nc3 Nb6 10.Be2 Be7 11.f4 O-O 12.Bf3 c5 13.dxc5 Bxc5 14.Bd2 a5 15.Rg1 g6
16.Rg5 a4 17.Qb5 Be7 18.Rd1 Nfd5 19.Bxd5 Nxd5 20.Rxd5 exd5 21.Nxd5 Bh4 22.Bb4 Qe8
23.Qd3 Rd8 24.Ke2 Qe6 25.Bxf8 Rxf8 26.f5 Qc6 27.Qd4 Qb5+ 28.Kf3 Bd8 29.Rc1 Re8
30.Rc8 Bg5 31.Rxe8+ Qxe8 32.Qe4 Qd7 33.Nb6 Qd1+ 34.Kg2 a3 35.bxa3 Qd2 36.Qxb7 Qxa2
37.Qd5 Qb2 38.Nc4 Qf6 39.Nd6 h5 40.Ne4 Qd8 41.Qxd8+ Bxd8 42.a4 Kg7 43.fxg6 fxg6
44.Kf3  1-0

[Event "Match Rapid"]
[Site "Astana KAZ"]
[Date "2006.12.20"]
[Round "3"]
[White "Aketaeva,D"]
[Black "Chiburdanidze,M"]
[Result "0-1"]
[WhiteElo "2312"]
[BlackElo "2504"]

1.e4 c5 2.Nf3 d6 3.d4 cxd4 4.Nxd4 Nf6 5.Nc3 Nc6 6.Be2 g6 7.O-O Bg7 8.Nb3 O-O
9.Bg5 Rb8 10.a4 a6 11.Re1 Be6 12.Bf1 Nd7 13.Rb1 Bxb3 14.cxb3 Nc5 15.Nd5 h6
16.Bh4 g5 17.Bg3 a5 18.h4 Ne5 19.hxg5 hxg5 20.Qh5 e6 21.Nc3 Nxb3 22.Rbd1 Qe7
23.Nb5 Rfd8 24.Re3 Nc5 25.f4 Ng6 26.fxg5 Be5 27.Be1 Bf4 28.Rh3 Qxg5 29.Qh7+ Kf8
30.Bxa5 b6 31.Bc3 Nxe4 32.Bg7+ Ke7 33.Bh6 Qc5+ 34.Nd4 Rh8 35.Bxf4 Rxh7 36.Rxh7 Nxf4  0-1

[Event "Match Rapid"]
[Site "Astana KAZ"]
[Date "2006.12.20"]
[Round "4"]
[White "Chiburdanidze,M"]
[Black "Aketaeva,D"]
[Result "1/2-1/2"]
[WhiteElo "2504"]
[BlackElo "2312"]

1.d4 d5 2.Nf3 Nf6 3.c4 dxc4 4.e3 Bg4 5.Bxc4 e6 6.h3 Bh5 7.Qb3 Bxf3 8.gxf3 Nbd7
9.Nc3 Nb6 10.Be2 Be7 11.Bd2 O-O 12.Rg1 c5 13.dxc5 Bxc5 14.O-O-O Qe7 15.Kb1 Rfd8
16.Bc1 Rxd1 17.Rxd1 Rd8 18.Rxd8+ Qxd8 19.Qd1 Qc8 20.f4 Nfd5 21.Nxd5 exd5
22.Qc2 Be7 23.Qxc8+ Nxc8 24.Bf3 Nb6 25.Bd2 Bh4 26.Be1 f5 27.a4 Kh8 28.a5 Nc4
29.Bxd5  1/2-1/2

[Event "9th Open"]
[Site "Dubai UAE"]
[Date "2007.04.22"]
[Round "1"]
[White "Chiburdanidze,M"]
[Black "Prasanna,Ra"]
[Result "1-0"]
[WhiteElo "2510"]
[BlackElo "2179"]

1.d4 Nf6 2.Nf3 e6 3.c4 d5 4.Nc3 Bb4 5.cxd5 exd5 6.Bg5 Nbd7 7.e3 c5 8.Bd3 c4
9.Bf5 O-O 10.O-O Bxc3 11.bxc3 g6 12.Bxd7 Bxd7 13.Ne5 Be6 14.Rb1 Rb8 15.Qf3 Bf5
16.Bxf6 Qxf6 17.g4 Qg5 18.h4 Qxh4 19.gxf5 Rbd8 20.Rxb7 f6 21.Qg4 Qh6 22.fxg6  1-0

[Event "9th Open"]
[Site "Dubai UAE"]
[Date "2007.04.24"]
[Round "3"]
[White "Chiburdanidze,M"]
[Black "Karavade,E"]
[Result "1/2-1/2"]
[WhiteElo "2510"]
[BlackElo "2343"]

1.d4 Nf6 2.Nf3 g6 3.c4 Bg7 4.g3 O-O 5.Bg2 d5 6.cxd5 Nxd5 7.O-O Nb6 8.Nc3 Nc6
9.d5 Na5 10.Qc2 c6 11.dxc6 Nxc6 12.Rd1 Bf5 13.e4 Bd7 14.Bf4 Qe8 15.Nd5 Rc8
16.Qd2 Nc4 17.Nxe7+ Nxe7 18.Qxd7 Nxb2 19.Qxe8 Rfxe8 20.Rd7 Na4 21.Rb1 Nc5
22.Rc7 Rxc7 23.Bxc7 Nc6 24.Nd2 Bc3 25.Nc4 b6 26.Nd6 Re7 27.Nb5 Bf6 28.Bd6 Re8
29.Bxc5 bxc5 30.Rc1 Nb4 31.Rxc5 Nxa2 32.Nxa7 Nc3 33.Rc4 Rd8 34.Bf3 Rd3 35.Kg2 Nb1
36.Rc6 Kg7 37.Nb5 Rd2 38.Rc5 Bd8 39.Rd5 Rxd5 40.exd5 Nd2 41.Nd6 Kf6 42.Be2 Be7
43.Nc4 Nxc4 44.Bxc4 Ke5 45.f4+ Ke4 46.h4 Bd6 47.Bb3 h5 48.Kf2 Bc5+ 49.Ke2 Bd6
50.Ba2 Bc5  1/2-1/2

[Event "9th Open"]
[Site "Dubai UAE"]
[Date "2007.04.25"]
[Round "4"]
[White "Othman,A"]
[Black "Chiburdanidze,M"]
[Result "1-0"]
[WhiteElo "2318"]
[BlackElo "2510"]

1.d4 Nf6 2.c4 e6 3.Nc3 Bb4 4.e3 b6 5.Bd3 Bb7 6.Ne2 Bxg2 7.Rg1 Be4 8.a3 Bxc3+
9.Nxc3 Bxd3 10.Qxd3 O-O 11.e4 Ne8 12.Bf4 d6 13.O-O-O Nd7 14.e5 f5 15.Bg5 Qc8
16.f4 dxe5 17.dxe5 Nc5 18.Qf3 Qb7 19.Qxb7 Nxb7 20.Nb5 a5 21.Nd4 Kf7 22.Nc6 a4
23.Be7 Na5 24.Bxf8 Kxf8 25.Nxa5 Rxa5 26.Kc2 Rc5 27.Kc3 Ke7 28.Rd4 g6 29.Rgd1 g5
30.Rd7+ Kf8 31.Rxh7 gxf4 32.Kd4 Ra5 33.Rf1 Ra7 34.c5 Ra5 35.Rc1 Rb5 36.cxb6 Rd5+
37.Kc3 cxb6 38.Kc4 f3 39.Rf1 Rxe5 40.Rxf3  1-0

[Event "9th Open"]
[Site "Dubai UAE"]
[Date "2007.04.27"]
[Round "6"]
[White "Tolentino,R"]
[Black "Chiburdanidze,M"]
[Result "0-1"]
[WhiteElo "2261"]
[BlackElo "2510"]

1.e4 c6 2.Nf3 d5 3.exd5 cxd5 4.Ne5 Nf6 5.d4 g6 6.Bd3 Bg7 7.O-O O-O 8.Nd2 Nfd7
9.Nxd7 Bxd7 10.c3 Nc6 11.f4 e6 12.Nf3 Rc8 13.Qe2 Na5 14.Ne5 f6 15.Nf3 Nc4
16.h4 Nd6 17.h5 gxh5 18.f5 e5 19.dxe5 fxe5 20.f6 Qxf6 21.Bxh7+ Kh8 22.Bg5 Qe6
23.Bc2 Bb5 24.Qf2 Bxf1 25.Rxf1 e4 26.Qh4 Qg4 27.Be7  0-1

[Event "1st WCh-Team Women"]
[Site "Ekaterinburg RUS"]
[Date "2007.05.22"]
[Round "3"]
[White "Chiburdanidze,M"]
[Black "Paehtz,E"]
[Result "0-1"]
[WhiteElo "2510"]
[BlackElo "2442"]

1.d4 d5 2.Nf3 Nf6 3.c4 c6 4.e3 Bg4 5.Qb3 Qb6 6.Ne5 Bf5 7.Nc3 e6 8.c5 Qc7
9.f3 h6 10.Bd2 Be7 11.Be2 Bh7 12.Qa4 O-O 13.b4 Nbd7 14.Nxd7 Nxd7 15.b5 e5
16.O-O Rfe8 17.Be1 Bg5 18.Bf2 exd4 19.exd4 Bf4 20.Bg3 Bxg3 21.hxg3 Re3 22.Rac1 Rae8
23.Rf2 Nf6 24.Qxa7 Qxg3 25.Bf1 Qg5 26.bxc6 bxc6 27.Qa6 Nh5 28.Na4 Nf4 29.Kh2 Qh4+
30.Kg1 Qg3 31.Rb2 Bd3 32.Qxc6 Bxf1  0-1

[Event "1st WCh-Team Women"]
[Site "Ekaterinburg RUS"]
[Date "2007.05.23"]
[Round "4"]
[White "Zhao Xue"]
[Black "Chiburdanidze,M"]
[Result "1/2-1/2"]
[WhiteElo "2467"]
[BlackElo "2510"]

1.d4 Nf6 2.c4 e6 3.Nf3 Bb4+ 4.Nbd2 b6 5.a3 Bxd2+ 6.Qxd2 Bb7 7.e3 O-O 8.Be2 Ne4
9.Qc2 Ng5 10.h4 Nxf3+ 11.gxf3 d5 12.cxd5 exd5 13.Bd3 h6 14.Bd2 Nd7 15.Bf5 Nf6
16.O-O-O Kh8 17.Kb1 Ne8 18.Rc1 a5 19.Bd3 Qf6 20.f4 Ba6 21.Bxa6 Rxa6 22.Qc6 Qxc6
23.Rxc6 f5 24.Rhc1 Ra8 25.a4 Rf6 26.Ka2 Kg8 27.Ka3 Rxc6 28.Rxc6 Kf7 29.b3 Rd8
30.b4 axb4+ 31.Bxb4 Rd7 32.Kb3 Nf6 33.a5 bxa5 34.Bxa5 Ne4  1/2-1/2

[Event "1st WCh-Team Women"]
[Site "Ekaterinburg RUS"]
[Date "2007.05.24"]
[Round "5"]
[White "Chiburdanidze,M"]
[Black "Kosintseva,T"]
[Result "1/2-1/2"]
[WhiteElo "2510"]
[BlackElo "2459"]

1.d4 Nf6 2.Nf3 d5 3.c4 e6 4.Nc3 c6 5.Qb3 dxc4 6.Qxc4 b5 7.Qd3 a6 8.e4 Bb7
9.Bg5 h6 10.Bh4 g5 11.Bg3 c5 12.dxc5 Qxd3 13.Bxd3 Bxc5 14.Rc1 Nbd7 15.O-O Ke7
16.e5 Nh5 17.Be4 Rab8 18.Bxb7 Rxb7 19.Ne4 Bb6 20.Nd6 Rbb8 21.Rfe1 Nxg3 22.hxg3 g4
23.Nh2 Nxe5 24.Rxe5 Kxd6 25.Nxg4 f5 26.Rd1+  1/2-1/2